00441nam a2200157Ia 4500008004100000082001000041100003800051245003300089260005200122300000800174365000700182520001400189630003300203650001400236730003300250100917s9999 xx 000 0 und d b29121 aहसमनीस द. का.  aमोहाचे फूल bयुवराज प्रकाशन c1973 a163 b10 aकथा aमोहाचे फूल aकथा aमोहाचे फूल